| 000 | 00752nam a2200217Ia 4500 | ||
|---|---|---|---|
| 003 | OSt | ||
| 005 | 20210527084947.0 | ||
| 008 | 210310s1964 eu fr 000 0 eng d | ||
| 040 |
_aCO-JMCR _cCO-JMCR |
||
| 041 | 0 | _aeng | |
| 082 | 0 | 4 |
_a336.243 / _bR119i _223 |
| 100 | 1 |
_aRaby, William L., _915084 _eautor |
|
| 245 | 1 | 4 |
_aThe income tax and business decisions / _cWilliam L. Raby |
| 260 |
_aEnglewood Cliffs, N.J. : _bPrentice-Hall, _c1964 |
||
| 300 |
_ax, 438 páginas ; _c24 cm. |
||
| 505 | 0 | _aThe Broad Pattern -- The Scaffolding of the Income Tax -- Rounding out the Picture | |
| 650 | 1 | 4 |
_aImpuesto _915086 _zEstados Unidos |
| 650 | 2 | 4 |
_aImpuesto sobre Actividades Económicas _937932 |
| 650 | 2 | 4 |
_aImpuesto sobre la renta _96672 |
| 942 |
_2ddc _cBK |
||
| 999 |
_c7662 _d7662 |
||